Porovnanie tradičných a moderných metód v podvojnom účtovníctve v oblasti obehu a archivácie účtovných dokladov vo svete digitálnej ekonomiky bakalárska práca

Guardado en:
Detalles Bibliográficos
Autor principal: Dzurová, Laura
Autor Corporativo: Fakulta hospodárskej informatiky EU. Katedra účtovníctva a audítorstva
Otros Autores: Krišková, Petra, 1981-
Formato: Libro
Lenguaje:eslovaco
Publicado: Bratislava 2025
Etiquetas: Agregar Etiqueta
Sin Etiquetas, Sea el primero en etiquetar este registro!

MARC

LEADER 00000nbm a2200000 4500
001 0310413
005 20251204104333.2
041 0 |a slo 
044 |a SK 
245 1 0 |a Porovnanie tradičných a moderných metód v podvojnom účtovníctve v oblasti obehu a archivácie účtovných dokladov vo svete digitálnej ekonomiky  |b bakalárska práca  |c Laura Dzurová ; školiteľ: Petra Krišková 
264 1 |a Bratislava  |c 2025 
300 |a 42 s. 
100 1 |a Dzurová, Laura 
700 1 |a Krišková, Petra, 1981- 
710 2 |a Fakulta hospodárskej informatiky EU. Katedra účtovníctva a audítorstva